| 000 | 00562cam a22002052 4500 | ||
|---|---|---|---|
| 001 | 0000019427 | ||
| 005 | 20151217145915.0 | ||
| 008 | 101115s xx 000 0 eng d | ||
| 020 | _a0132413770 | ||
| 040 |
_aKABU _cKABU |
||
| 050 | 0 |
_aQA154.2 _b.A78 2011 |
|
| 100 | 1 |
_aArtin, Michael. _@0000155114 |
|
| 245 | 1 | 0 |
_aAlgebra / _cMichael Artin. |
| 260 |
_aBoston : _bPrentice-Hall, _c2011. |
||
| 300 | _axv, 543 p. | ||
| 650 | 0 |
_aAlgebra. _@0000155076 |
|
| 852 | 1 | _9p8728.20 KES | |
| 908 | _a101115 | ||
| 950 | _@1 | ||
| 999 |
_c3932 _d3932 |
||